| 000 | 00000nam 2200000zi 4500 |
| 001 | 9.936380 |
| 003 | CaOODSP |
| 005 | 20240405103420 |
| 006 | m o d f |
| 007 | cr ||||||||||| |
| 008 | 240405e19891102onc ob f000 0 eng d |
| 040 | |aCaOODSP|beng|erda|cCaOODSP |
| 043 | |an-cn--- |
| 086 | 1 |aJ3-8/1990-9E-PDF |
| 245 | 00|aSentencing alternatives initiative : |ban overview. |
| 264 | 1|a[Ottawa] : |bResearch Section, Research and Development Directorate, Department of Justice Canada, |cNovember 2, 1989. |
| 300 | |a1 online resource (ii, 28 pages). |
| 336 | |atext|btxt|2rdacontent |
| 337 | |acomputer|bc|2rdamedia |
| 338 | |aonline resource|bcr|2rdacarrier |
| 490 | 1 |aWorking document ; |vWD1990-9A |
| 500 | |aDigitized edition from print [Department of Justice Canada]. |
| 504 | |aIncludes bibliographical references (pages 26-28). |
| 650 | 0|aSentences (Criminal procedure)|zCanada. |
| 650 | 0|aCriminal procedure|zCanada. |
| 650 | 6|aSentences (Procédure pénale)|zCanada. |
| 650 | 6|aProcédure pénale|zCanada. |
| 710 | 1 |aCanada.|bDepartment of Justice.|bResearch and Development Directorate, |eissuing body. |
| 830 | #0|aWorking document (Canada. Ministère de la justice : En ligne)|vWD1990-9A.|w(CaOODSP)9.505668 |
| 856 | 40|qPDF|s1.67 MB|uhttps://publications.gc.ca/collections/collection_2024/jus/J3-8-1990-9-eng.pdf |